• 首页
  • 本馆介绍
  • 公告通知
  • 最新文献
  • 馆藏检索
  • 电子资源
  • 读者导购
  • 参考咨询
  • 我的图书馆
  • 登录
  • 详细信息显示
  • 放入我的书架
  • 预约/预借图书
  • 作者相关作品
  • 分类相关作品
  • 丛书相关作品
  • 出版社相关作品

书目信息

  • 表格格式
  • 工作单格式
  • 卡片格式
题名:
电视采访
    
 
作者: 曾祥敏 著
分册:  
出版信息: 北京   中国传媒大学出版  2010
页数: 263页
开本: 26cm
丛书名:
单 册:
中图分类: G222.1
科图分类:
主题词: 电视新闻--新闻采访--高等学校--教材 , 电视新闻 , 新闻采访
电子资源:
ISBN: 978-7-81127-851-4
000 01084nam0 2200289 45
001 1130749359
005 20110310092404.96
010    @a978-7-81127-851-4@dCNY35.00
100    @a20110122d2010 em y0chiy50 ea
101 0  @achi
102    @aCN@b110000
105    @aa z 000yy
106    @ar
200 1  @a电视采访@ADian Shi Cai Fang@dTelevision interviewing & reporting@f曾祥敏著@FZeng Xiang Min Zhu@zeng
205    @a2版
210    @a北京@c中国传媒大学出版@d2010
215    @a263页@c照片@d26cm
300    @a21世纪广播电视专业实用教材
330    @a本书围绕电视采访的整个流程进行深入讲解与分析,从结构电视新闻节目、选题分析与策划、现场采访拍摄、现场采访报道等方面详细讲解电视采访的各个环节,并且深入讲解了调查性采访、人物专访、电视连线采访报道等现代电视媒介极具特点的采访形式。
510 1  @aTelevision interviewing & reporting@zeng
606 0  @a电视新闻@x新闻采访@x高等学校@j教材
606 0  @a电视新闻
606 0  @a新闻采访
690    @aG222.1@v4
701  0 @a曾祥敏@AZeng Xiang Min@4著
801  0 @aCN@bTANGWEI@c20110310
905    @b0532032-36@dG222.1@e121=2@f5
    
    电视采访=Television interviewing & reporting/曾祥敏著.-2版.-北京:中国传媒大学出版,2010
    263页:照片;26cm
    21世纪广播电视专业实用教材
    
    ISBN 978-7-81127-851-4:CNY35.00
    本书围绕电视采访的整个流程进行深入讲解与分析,从结构电视新闻节目、选题分析与策划、现场采访拍摄、现场采访报道等方面详细讲解电视采访的各个环节,并且深入讲解了调查性采访、人物专访、电视连线采访报道等现代电视媒介极具特点的采访形式。
●
相关链接 在E读中查询图书 在五车中查询图书 在当当中查询图书 在豆瓣中查询图书


正题名:电视采访     索取号:G222.1/121=2         预约/预借

序号 登录号 条形码 馆藏地/架位号 状态 备注
1 0532032   205320320   第一样本阅览室/ [索取号:G222.1/121=2] 在馆    
2 0532033   205320339   密集书库-文学院/ [索取号:G222.1/121=2] 在馆    
3 0532034   205320348   第四借阅区/ [索取号:G222.1/121=2] 在馆    
4 0532035   205320357   第四借阅区/ [索取号:G222.1/121=2] 在馆    
5 0532036   205320366   第四借阅区/ [索取号:G222.1/121=2] 在馆    
唐山师范学院图书馆 欢迎您!
大连网信软件有限公司© 版权所有